[Event "Eger Agria op 41th"]
[Site "Eger"]
[Date "2017.07.22"]
[Round "8"]
[White "Koncz, Zoltan"]
[Black "Berecz, Kristof"]
[Result "1/2-1/2"]
[WhiteElo "1353"]
[BlackElo "1086"]
[PlyCount "80"]
[EventDate "2017.07.17"]
[EventType "swiss"]
[EventRounds "9"]
[EventCountry "HUN"]
[SourceTitle "EXT 2020"]
[Source "ChessBase"]
[SourceDate "2019.10.17"]
[SourceVersion "1"]
[SourceVersionDate "2019.10.17"]
[SourceQuality "1"]

1. e4 e5 2. Nf3 Nc6 3. Bc4 Nf6 4. Ng5 d5 5. exd5 Nxd5 6. Nxf7 Kxf7 7. Qf3+ Ke8 8. Bxd5 Qd7 9. 0-0 Nd4 10. Qe4 Bd6 11. c3 Nf5 12. d4 c6 13. dxe5 cxd5 14. Qxd5 Bc7 15. Qxd7+ Bxd7 16. Bf4 Ke7 17. Re1 Rhe8 18. Nd2 Be6 19. Rad1 Rad8 20. Bg5+ Kf7 21. Bxd8 Rxd8 22. a3 g5 23. Nf3 h6 24. Rxd8 Bxd8 25. h3 Bc7 26. g4 Ne7 27. Nd4 a6 28. Kg2 Bd5+ 29. Kg3 b6 30. f4 gxf4+ 31. Kxf4 Ng6+ 32. Ke3 Nxe5 33. Rf1+ Ke7 34. Nf5+ Ke6 35. Kd4 Nf3+ 36. Ke3 Ne5 37. Nd4+ Ke7 38. Kd2 Nc4+ 39. Kc1 Kd7 40. Re1 Kd6 1/2-1/2

[Event "Eger Agria op 41th"]
[Site "Eger"]
[Date "2017.07.19"]
[Round "4"]
[White "Pota, Lajos"]
[Black "Berecz, Kristof"]
[Result "1-0"]
[WhiteElo "1620"]
[BlackElo "1086"]
[PlyCount "49"]
[EventDate "2017.07.17"]
[EventType "swiss"]
[EventRounds "9"]
[EventCountry "HUN"]
[SourceTitle "EXT 2020"]
[Source "ChessBase"]
[SourceDate "2019.10.17"]
[SourceVersion "1"]
[SourceVersionDate "2019.10.17"]
[SourceQuality "1"]

1. d4 d5 2. e4 c6 3. e5 e6 4. f4 c5 5. Nf3 Nc6 6. c3 Nge7 7. Bd3 Bd7 8. 0-0 Nc8 9. Be3 Be7 10. dxc5 b6 11. cxb6 Nxb6 12. Qc2 g6 13. Nbd2 0-0 14. Rac1 Rc8 15. Qb1 Rc7 16. Nd4 Nxd4 17. Bxd4 Qb8 18. g4 f5 19. exf6 Bxf6 20. Bxf6 Rxf6 21. g5 Rf8 22. Bxg6 hxg6 23. Qxg6+ Kh8 24. Qh6+ Kg8 25. g6 1-0

[Event "Eger Agria op 41th"]
[Site "Eger"]
[Date "2017.07.17"]
[Round "1"]
[White "Berecz, Kristof"]
[Black "Bai, Adelard"]
[Result "0-1"]
[WhiteElo "1086"]
[BlackElo "1896"]
[PlyCount "48"]
[EventDate "2017.07.17"]
[EventType "swiss"]
[EventRounds "9"]
[EventCountry "HUN"]
[SourceTitle "EXT 2020"]
[Source "ChessBase"]
[SourceDate "2019.10.17"]
[SourceVersion "1"]
[SourceVersionDate "2019.10.17"]
[SourceQuality "1"]

1. e4 e5 2. Nc3 Nf6 3. Bc4 Nxe4 4. Qh5 Nd6 5. Be2 Nc6 6. d3 g6 7. Qf3 Bg7 8. Qe3 Nd4 9. Qd2 0-0 10. Nf3 Nxe2 11. Qxe2 b6 12. 0-0 Re8 13. Re1 Ba6 14. Qd2 Nf5 15. Nd5 c6 16. Ne3 Bh6 17. Qd1 Nxe3 18. Bxe3 Bxe3 19. Rxe3 f6 20. b3 d5 21. d4 e4 22. Nd2 f5 23. Rc1 Qf6 24. c4 Qxd4 0-1